[Event "Rusia tch 2011"]
[Site "Olginka RUS"]
[Date "2011.04.23"]
[Round "11.35"]
[White "Gladyszev, Oleg"]
[Black "Grachev, Boris"]
[Result "1/2-1/2"]
[WhiteElo "2482"]
[BlackElo "2675"]
[PlyCount "130"]
[EventDate "2011.04.12"]
[EventType "team"]
[EventRounds "11"]
[EventCountry "RUS"]
[Source "lmi"]
[SourceDate "2011.04.12"]
[WhiteTeamCountry "RUS"]
[BlackTeamCountry "RUS"]

1. d4 d5 2. c4 e6 3. Nc3 a6 4. Nf3 dxc4 5. a4 Nf6 6. e3 b6 7. Bxc4 Bb7 8. O-O
Bb4 9. Qe2 O-O 10. Bd3 c5 11. Rd1 cxd4 12. exd4 h6 13. Ne5 Nc6 14. Nxc6 Bxc6
15. Bxa6 Bxc3 16. bxc3 Qd5 17. f3 Qa5 18. Bd3 Qxc3 19. Bb2 Qa5 20. Bc2 Rfc8 21.
Rdc1 Qb4 22. Bd1 Nd5 23. Rc4 Qe7 24. Rac1 Bb7 25. Rxc8+ Bxc8 26. Bb3 Bb7 27.
Qd2 Qd6 28. Ra1 Qc7 29. Bxd5 Bxd5 30. Bc3 Rc8 31. Bb4 Qc4 32. Rb1 Qc6 33. Ra1
Qc4 34. Rb1 Qa6 35. a5 Rc4 36. Rb2 bxa5 37. Bxa5 f5 38. Bc3 Kh7 39. Rb4 Rc7 40.
Rb1 Rc4 41. Rb4 Rc6 42. Rb1 Qc8 43. Rc1 Ra6 44. h3 Qb8 45. Qb2 Qg3 46. Qf2
Qxf2+ 47. Kxf2 Ra2+ 48. Kg1 g5 49. Rd1 Rc2 50. Ba5 Ra2 51. Bc3 Rc2 52. Ba5 Kg6
53. Rd2 Rc1+ 54. Kh2 h5 55. Bb6 f4 56. Ba7 g4 57. hxg4 hxg4 58. fxg4 Kg5 59.
Rb2 Rc3 60. Bb8 Rg3 61. Kg1 Rxg4 62. Kf1 Kf5 63. Be5 Bc4+ 64. Kg1 Bd5 65. Kf1
Bc4+ 1/2-1/2

[Event "Rusia tch 2011"]
[Site "Olginka RUS"]
[Date "2011.04.23"]
[Round "11.41"]
[White "Bocharov, Dmitry"]
[Black "Shimanov, Aleksandr"]
[Result "1/2-1/2"]
[WhiteElo "2595"]
[BlackElo "2550"]
[PlyCount "76"]
[EventDate "2011.04.12"]
[EventType "team"]
[EventRounds "11"]
[EventCountry "RUS"]
[Source "lmi"]
[SourceDate "2011.04.12"]
[WhiteTeamCountry "RUS"]
[BlackTeamCountry "RUS"]

1. d4 d5 2. c4 dxc4 3. e4 Nf6 4. e5 Nd5 5. Bxc4 Nb6 6. Bd3 Nc6 7. Be3 Nb4 8.
Be4 f5 9. exf6 exf6 10. Nc3 f5 11. Bb1 Be6 12. Nf3 Bd6 13. O-O Qd7 14. Re1
O-O-O 15. a3 N4d5 16. a4 h6 17. a5 Nc4 18. a6 b5 19. Nxd5 Bxd5 20. b3 Nxe3 21.
Rxe3 Rhe8 22. Rxe8 Rxe8 23. Bd3 Kb8 24. Qc2 g6 25. Qc3 c6 26. b4 Qc7 27. h3 Re6
28. Rc1 Qe7 29. Ne5 Bxb4 30. Qc2 Qg5 31. Bf1 Rd6 32. Qb2 Ba5 33. Nxc6+ Bxc6 34.
Rxc6 Rxc6 35. Qxb5+ Rb6 36. Qxa5 Qe7 37. Qd5 Kc7 38. g3 Qd7 1/2-1/2

[Event "Rusia tch 2011"]
[Site "Olginka RUS"]
[Date "2011.04.23"]
[Round "11.43"]
[White "Kokarev, Dmitry"]
[Black "Popov, Valerij"]
[Result "1/2-1/2"]
[WhiteElo "2576"]
[BlackElo "2565"]
[PlyCount "29"]
[EventDate "2011.04.12"]
[EventType "team"]
[EventRounds "11"]
[EventCountry "RUS"]
[Source "lmi"]
[SourceDate "2011.04.12"]
[WhiteTeamCountry "RUS"]
[BlackTeamCountry "RUS"]

1. e4 c6 2. d4 d5 3. Nc3 dxe4 4. Nxe4 Bf5 5. Ng3 Bg6 6. Nh3 Nf6 7. Nf4 e5 8.
Nxg6 hxg6 9. dxe5 Qa5+ 10. Bd2 Qxe5+ 11. Qe2 Nbd7 12. Qxe5+ Nxe5 13. Bc3 Ned7
14. Bc4 Rh4 15. Bb3 1/2-1/2

[Event "Rusia tch 2011"]
[Site "Olginka RUS"]
[Date "2011.04.23"]
[Round "11.54"]
[White "Efimenko, Zahar"]
[Black "Andreikin, Dmitry"]
[Result "1/2-1/2"]
[WhiteElo "2708"]
[BlackElo "2686"]
[PlyCount "29"]
[EventDate "2011.04.12"]
[EventType "team"]
[EventRounds "11"]
[EventCountry "RUS"]
[Source "lmi"]
[SourceDate "2011.04.12"]
[WhiteTeamCountry "RUS"]
[BlackTeamCountry "RUS"]

1. d4 Nf6 2. c4 e6 3. Nf3 b6 4. g3 Bb7 5. Bg2 Bb4+ 6. Bd2 a5 7. O-O O-O 8. Bg5
Be7 9. Nc3 Ne4 10. Bxe7 Qxe7 11. Qc2 Nxc3 12. Qxc3 d6 13. d5 e5 14. e4 Nd7 15.
Nd2 1/2-1/2

[Event "Rusia tch 2011"]
[Site "Olginka RUS"]
[Date "2011.04.23"]
[Round "11.56"]
[White "Khairullin, Ildar"]
[Black "Ni, Hua"]
[Result "1/2-1/2"]
[WhiteElo "2634"]
[BlackElo "2646"]
[PlyCount "37"]
[EventDate "2011.04.12"]
[EventType "team"]
[EventRounds "11"]
[EventCountry "RUS"]
[Source "lmi"]
[SourceDate "2011.04.12"]
[WhiteTeamCountry "RUS"]
[BlackTeamCountry "RUS"]

1. d4 d5 2. c4 c6 3. Nc3 Nf6 4. e3 g6 5. Nf3 Bg7 6. h3 O-O 7. Bd3 b6 8. O-O Bb7
9. Qe2 Nbd7 10. Rd1 Qc7 11. b3 e5 12. dxe5 Nxe5 13. Nxe5 Qxe5 14. Bb2 dxc4 15.
Bxc4 Qe7 16. Ba6 Rfd8 17. Bxb7 Qxb7 18. Rxd8+ Rxd8 19. Rd1 1/2-1/2

[Event "Rusia tch 2011"]
[Site "Olginka RUS"]
[Date "2011.04.23"]
[Round "11.63"]
[White "Danin, Alexandre"]
[Black "Manukyan, Sargis V"]
[Result "1/2-1/2"]
[WhiteElo "2543"]
[BlackElo "2272"]
[PlyCount "86"]
[EventDate "2011.04.12"]
[EventType "team"]
[EventRounds "11"]
[EventCountry "RUS"]
[Source "lmi"]
[SourceDate "2011.04.12"]
[WhiteTeamCountry "RUS"]
[BlackTeamCountry "RUS"]

1. e4 e6 2. d4 d5 3. Nc3 Bb4 4. exd5 exd5 5. Bd3 c6 6. Nge2 Ne7 7. Ng3 Nd7 8.
O-O h6 9. Qg4 Kf8 10. Qf3 Nf6 11. h3 Ng6 12. Nce2 Bd6 13. Bxg6 fxg6 14. Bf4 Kf7
15. Be5 Re8 16. Bxd6 Qxd6 17. Nf4 Bf5 18. Nxf5 gxf5 19. Nd3 g6 20. Ne5+ Kg7 21.
Rfe1 Re7 22. Re2 Rae8 23. Rae1 Ne4 24. Qf4 Qf6 25. g3 Qg5 26. Nd3 Kf6 27. Kg2
Qxf4 28. gxf4 g5 29. f3 Nd6 30. Rxe7 Rxe7 31. fxg5+ hxg5 32. Rxe7 Kxe7 33. f4
Kf6 34. Kf3 Nc4 35. Nc5 g4+ 36. hxg4 fxg4+ 37. Kxg4 Ne3+ 38. Kf3 Nxc2 39. Nxb7
Nxd4+ 40. Ke3 Nc2+ 41. Kd2 Nd4 42. Ke3 Nc2+ 43. Kd2 Nd4 1/2-1/2